000 00457nam a22001817a 4500
003 MPLRDC
005 20220104185350.0
008 210129b ||||| |||| 00| 0 eng d
020 _a986-199-021-7
082 _a312.91653 PCU
100 _aPCuSER研究室
245 _a超神!GOOGLE情报检索术
_c
250 _a初版一刷
260 _a台湾
_b电脑人文化
_c2007
300 _b
650 _a网际网路
942 _cBK
_o312.91653 PCU
999 _c63299
_d63289